000 01097nam a22002657a 4500
001 BD-DhSAU
003 BD-DhSAU
005 20250722115341.0
008 150420b2005 bg ||||| m||| 00| 0 eng d
040 _aBD-DhSAU
082 _222
_a630.715
_bAl117
100 _aALAM, MASUD
_eRegistration No. # 15-06745
245 _aEffectiveness of krishi radio for disseminating farm information /
_bMS thesis
260 _aSher-e-Bangla Agricultural Uniersity :
_bDepartment of Agricultural Extension and Information System;
_c2022.
300 _axii, 70 p. ;
_c30 cm.
500 _aMS thesis of Department of Agricultural Extension and Information System, Faculty of Agriculture, Sher-e-Bangla Agricultural University, Dhaka, Bangladesh
504 _aIncludes bibliographical reference.
590 _aNazmul
650 _akrishi radio
651 _afarm information
700 _aProf. Dr. Md. Sekender Ali
_eSuperviser
700 _aMd. Wali Ahad Setu
_eCo-superviser
856 _uhttp://archive.saulibrary.edu.bd:8080/xmlui/handle/123456789/5348
942 _2ddc
_cTHESIS
999 _c17492
_d17491